SEVEN short stories by French authors

Salvato in:
Dettagli Bibliografici
Natura: Libro
Lingua:inglese
Pubblicazione: Cambridge University Press 2014
Tags: Aggiungi Tag
Nessun Tag, puoi essere il primo ad aggiungerne!!

MARC

LEADER 00000nam a22000007a 4500
008 210811b ||||| |||| 00| 0 eng d
020 |a 9781107663800 
245 |a SEVEN short stories by French authors  |c edited by H.J. Chaytor  |g Xii,210p. 
250 |c CHAYTOR, H. J. 
260 |b Cambridge University Press   |c 2014  |h Cambridge  |i 696748  |i 696749  |l PQ1275.Se8  |m Short stories, French  |m French language-- Readers 
942 |a lcc  |c BK  |e Kuteyi, M. A.  |f 11/8/2021 
952 |0 0  |1 0  |2 lcc  |4 0  |6 PQ1275 S E8  |7 0  |9 2974  |a HOL  |b HOL  |c LP  |d 2021-08-11  |l 0  |o PQ1275.Se8  |p 2021-66650  |r 2021-08-11 00:00:00  |w 2021-08-11  |y BK 
952 |0 0  |1 0  |2 lcc  |4 0  |6 PQ1275 S E8  |7 0  |9 2975  |a HOL  |b ART  |c LP  |d 2021-08-11  |l 0  |o PQ1275.Se8  |p 2021-66651  |r 2021-08-11 00:00:00  |w 2021-08-11  |y BK 
999 |c 1506  |d 1506